<?xml version="1.0" encoding="utf-8"?>
<?xml-stylesheet type='text/xsl' href='./oai2.xsl'?>
<OAI-PMH xmlns="http://www.openarchives.org/OAI/2.0/" xmlns:xsi="http://www.w3.org/2001/XMLSchema-instance" xsi:schemaLocation="http://www.openarchives.org/OAI/2.0/ http://www.openarchives.org/OAI/2.0/OAI-PMH.xsd">
  <responseDate>2026-04-28T10:59:40Z</responseDate>
  <request verb="GetRecord" metadataPrefix="marcxml" identifier="record_kuniweb_1488653">https://kulturerbe.niedersachsen.de/oai</request>
  <GetRecord>
    <record>
      <header>
        <identifier>record_kuniweb_1488653</identifier>
        <datestamp>2026-03-31T19:09:18Z</datestamp>
        <setSpec>slg0272</setSpec>
      </header>
      <metadata>
        <marc:record xmlns:marc="http://www.loc.gov/MARC21/slim" xsi:schemaLocation="http://www.loc.gov/MARC21/slim http://www.loc.gov/standards/marcxml/schema/MARC21slim.xsd">
          <marc:leader>12345nrm  22     uu 4500</marc:leader>
          <marc:controlfield tag="001">1488653</marc:controlfield>
          <marc:controlfield tag="003">http://kuniweb.gbv.de</marc:controlfield>
          <marc:controlfield tag="005">2023-01-24T10:52:01</marc:controlfield>
          <marc:controlfield tag="008">|           ||||||||||||||||||||||</marc:controlfield>
          <marc:datafield tag="245" ind1="1" ind2="0">
            <marc:subfield code="a">Fahne des Männer-Gesangvereins Harmonie von 1888
Einbeck</marc:subfield>
          </marc:datafield>
          <marc:datafield tag="655" ind1=" " ind2="7">
            <marc:subfield code="a">Alltagskultur</marc:subfield>
          </marc:datafield>
          <marc:datafield tag="046" ind1=" " ind2=" ">
            <marc:subfield code="k">1888</marc:subfield>
            <marc:subfield code="k">ca. 1888</marc:subfield>
          </marc:datafield>
          <marc:datafield tag="260" ind1=" " ind2=" ">
            <marc:subfield code="g">1888</marc:subfield>
            <marc:subfield code="g">ca. 1888</marc:subfield>
          </marc:datafield>
          <marc:datafield tag="300" ind1=" " ind2=" ">
            <marc:subfield code="a">Länge: 140 cm
Breite: 111 cm</marc:subfield>
          </marc:datafield>
          <marc:datafield tag="520" ind1=" " ind2=" ">
            <marc:subfield code="a">Zweifarbige Fahne des Männer-Gesangvereins Harmonie, 
1888 in Einbeck gegründet, an einer Fahnenstange.
Die Fahne wird mit Hilfe von fünf Ösen und Karabinerhaken an der Stange befestigt.
Die Fahne ist auf grünem Grund mit einer beigefarbigen Aufschrift bestickt, auf der anderen Seite auf beigefarbigem Grund mit einer grünen Aufschrift bestickt. Darüber ist eine Leier zu sehen.
Entlang des Saumes ist ein goldfarbiges Litzenband genäht.
An der Fahnenstange hängen vier Fahnenbänder, gestiftet von den Damen des Vereins zum 50., zum 75., 90. und 100jährigen Bestehen des Vereins. Die goldfarbigen Zahlen werden von grünem Eichenlaub umrahmt.
Die Fahnenbänder haben eine grüne Vorderseite mit goldfarbiger, gestickter Aufschrift, die Rückseite ist beige. Die schmalen Säume sind mit einer Fransenborte verziert, die Ränder mit Kordelband. (Stadtmuseum Einbeck)

Aufschrift:
Einig im Lied / treu im Gemüt Männer-Gesang Verein Harmonie / Einbeck / 1888 (beidseitig auf der Fahne)

Aufschrift:
1) Dem Männer-Gesangverein Harmonie / gew.v.d. Damen d. Vereins / 1.7.1938 2) Gestiftet von den Damen des Vereins 1963 3) Gestiftet von den Damen des Vereins 1978 4) Gestiftet von den Damen des Vereins 1988 (auf den Fahnenbändern)

Verwendungszweck:
zur Identifizierung und Wiedererkennung eines Vereins

Gebrauchsort:
Einbeck (Northeim, Niedersachsen)</marc:subfield>
          </marc:datafield>
          <marc:datafield tag="650" ind1="1" ind2=" ">
            <marc:subfield code="a">Siegel, Orden, Zeichen, Fahne &gt; Fahne</marc:subfield>
          </marc:datafield>
          <marc:datafield tag="650" ind1="1" ind2=" ">
            <marc:subfield code="a">Vereine/Verbände</marc:subfield>
          </marc:datafield>
          <marc:datafield tag="773" ind1="0" ind2=" ">
            <marc:subfield code="t">Sammlung Vereinswesen</marc:subfield>
          </marc:datafield>
          <marc:datafield tag="852" ind1=" " ind2=" ">
            <marc:subfield code="a">Stadtmuseum Einbeck</marc:subfield>
          </marc:datafield>
          <marc:datafield tag="" ind1=" " ind2=" ">
            <marc:subfield code="a">Namensnennung - Weitergabe unter gleichen Bedingungen 4.0 International (CC BY-SA 4.0)</marc:subfield>
          </marc:datafield>
        </marc:record>
      </metadata>
    </record>
  </GetRecord>
</OAI-PMH>
